[Event "Dortmund op-B"]
[Site "Dortmund"]
[Date "2007.06.22"]
[Round "1"]
[White "Duschek, Guenter"]
[Black "Hardt, Helmut"]
[Result "1-0"]
[WhiteElo "1592"]
[BlackElo "2009"]
[PlyCount "117"]
[EventDate "2007.06.22"]
[EventType "swiss"]
[EventRounds "9"]
[EventCountry "GER"]
[SourceTitle "EXT 2008"]
[Source "ChessBase"]
[SourceDate "2007.11.25"]
[SourceVersion "1"]
[SourceVersionDate "2007.11.25"]
[SourceQuality "1"]

1. d4 d5 2. Bf4 Nf6 3. Nf3 Nbd7 4. e3 c5 5. c3 Qb6 6. Qb3 Qxb3 7. axb3 Nh5 8. Bb5 Nxf4 9. exf4 cxd4 10. Nxd4 e6 11. b4 Bd6 12. g3 0-0 13. 0-0 a6 14. Nd2 Nf6 15. Bd3 Bd7 16. N2f3 Rfd8 17. Ne5 Be8 18. h4 Nd7 19. Nxd7 Bxd7 20. Rfe1 Re8 21. Bc2 f6 22. Bb3 Rac8 23. f5 e5 24. Bxd5+ Kf8 25. Ne6+ Bxe6 26. Bxe6 Rcd8 27. Rad1 g6 28. g4 gxf5 29. gxf5 Re7 30. Re4 Rg7+ 31. Kh1 Ke7 32. Kh2 Bc7 33. Rxd8 Kxd8 34. f3 Bb6 35. Rg4 Re7 36. h5 Be3 37. Rg2 Kc7 38. c4 Bg5 39. b3 b6 40. Ra2 Kb7 41. Bd5+ Ka7 42. b5 a5 43. b4 Bf4+ 44. Kh1 Rg7 45. bxa5 Rg5 46. axb6+ Kxb6 47. Ra6+ Kc5 48. b6 Rxh5+ 49. Kg2 Rh2+ 50. Kg1 Rb2 51. b7 h5 52. Ra5+ Kd6 53. Ra6+ Kc5 54. Ra5+ Kd6 55. Ra8 Rb1+ 56. Kf2 Rb2+ 57. Kf1 Rb1+ 58. Ke2 Rb2+ 59. Kd1 1-0

[Event "Dortmund1"]
[Site "Dortmund"]
[Date "2006.10.05"]
[Round "1.1"]
[White "Schwarz, Ingo"]
[Black "Hardt, Helmut"]
[Result "1-0"]
[WhiteElo "1894"]
[BlackElo "1839"]
[PlyCount "79"]
[EventDate "2006.10.15"]
[EventType "swiss"]
[EventRounds "9"]
[EventCountry "GER"]
[SourceTitle "EXT 2007"]
[Source "ChessBase"]
[SourceDate "2006.11.23"]
[SourceVersion "1"]
[SourceVersionDate "2006.11.23"]
[SourceQuality "1"]

1. e4 d6 2. Bc4 e6 3. Qe2 c5 4. Nf3 Nc6 5. c3 Be7 6. d4 cxd4 7. Nxd4 Bf6 8. Be3 Nge7 9. 0-0 0-0 10. f4 d5 11. Nxc6 Nxc6 12. Rd1 Na5 13. Na3 Nxc4 14. Nxc4 b5 15. Ne5 a6 16. Ng4 Bb7 17. Bc5 Re8 18. Rd3 Rc8 19. Bf2 Rc4 20. e5 Be7 21. Bd4 Kh8 22. Rh3 Rg8 23. Qd3 g6 24. Nf6 Rg7 25. Rh6 Rxd4 26. cxd4 Bxf6 27. exf6 Qxf6 28. g3 Rg8 29. Rc1 Kg7 30. Rh4 Qe7 31. Qe3 f6 32. g4 Re8 33. g5 Kg8 34. Rg4 Bc8 35. gxf6 Qxf6 36. Qe5 Qf7 37. Rc7 Bd7 38. Rg2 a5 39. Rgc2 Re7 40. Rxd7 1-0

[Event "Dortmund Sparkassen op-B"]
[Site "Dortmund"]
[Date "2006.08.05"]
[Round "8"]
[White "Hardt, Helmut"]
[Black "Schwarz, Ingo"]
[Result "0-1"]
[WhiteElo "2009"]
[BlackElo "2004"]
[PlyCount "125"]
[EventDate "2006.07.28"]
[EventType "swiss"]
[EventRounds "9"]
[EventCountry "GER"]
[SourceTitle "CBM 113 Extra"]
[Source "ChessBase"]
[SourceDate "2006.09.14"]
[SourceVersion "1"]
[SourceVersionDate "2006.09.14"]
[SourceQuality "1"]

1. e4 d6 2. d4 g6 3. Bc4 Bg7 4. c3 Nf6 5. f3 d5 6. exd5 Nxd5 7. Ne2 0-0 8. 0-0 c6 9. Bb3 e6 10. Qe1 e5 11. c4 Nf4 12. Nxf4 exf4 13. d5 Bd4+ 14. Kh1 Re8 15. Qd1 Be3 16. Nc3 Qh4 17. Qe1 Qh6 18. Ne4 Re5 19. Nf6+ Kg7 20. Ng4 Bxg4 21. fxg4 Nd7 22. Qc3 f6 23. dxc6 bxc6 24. Ba4 Nb6 25. Bd1 Rae8 26. Bf3 c5 27. a4 Bd4 28. Qd3 Re1 29. a5 Rxf1+ 30. Qxf1 Nd7 31. Bc6 Re7 32. Bxf4 g5 33. Bd6 Re6 34. Bxd7 Rxd6 35. Bf5 Be5 36. h3 Kh8 37. Qf3 Rd8 38. a6 Rb8 39. Rd1 Bd4 40. b3 Qf8 41. Re1 Be5 42. Qd3 Qe7 43. Qf3 Qd6 44. Rd1 Qxa6 45. Qd5 Bd4 46. Re1 Qa5 47. Rf1 Qc7 48. Bc2 Qd7 49. Qf3 Rd8 50. Rd1 Rb8 51. Qf1 Re8 52. Qd3 Qc7 53. b4 Bf2 54. b5 Bg3 55. Rf1 Bf4 56. Qd5 Qe7 57. Qd3 Rd8 58. Qf3 Rd2 59. Bf5 Rd4 60. Qa8+ Kg7 61. Qc6 Rxc4 62. Rd1 Rc1 63. Qd5 0-1

[Event "Dortmund4"]
[Site "Dortmund"]
[Date "2006.05.26"]
[Round "9"]
[White "Hardt, Helmut"]
[Black "Begna, Bozidar"]
[Result "1-0"]
[WhiteElo "1861"]
[BlackElo "2002"]
[PlyCount "120"]
[EventDate "2006.04.26"]
[EventType "tourn"]
[EventRounds "11"]
[EventCountry "GER"]
[SourceTitle "EXT 2007"]
[Source "ChessBase"]
[SourceDate "2006.11.23"]
[SourceVersion "1"]
[SourceVersionDate "2006.11.23"]
[SourceQuality "1"]

1. d4 Nf6 2. Nf3 c5 3. d5 b5 4. c4 Bb7 5. b3 Qb6 6. Qc2 g6 7. e4 bxc4 8. Bxc4 Bg7 9. Bb2 d6 10. Nbd2 Nbd7 11. 0-0 0-0 12. h3 a5 13. Bd3 Ba6 14. Nc4 Qc7 15. Bc3 Bxc4 16. bxc4 Rfb8 17. Rab1 Ne8 18. Bxg7 Kxg7 19. Rb5 Rxb5 20. cxb5 Nb6 21. Nd2 Qa7 22. a4 Nf6 23. Nc4 Nfd7 24. f4 Nxc4 25. Bxc4 Nb6 26. Rf3 Qc7 27. h4 f6 28. h5 gxh5 29. Rh3 Nxc4 30. Qxc4 Qd7 31. f5 Qe8 32. Qe2 Qf7 33. b6 Qe8 34. Rxh5 Rb8 35. g4 Rxb6 36. Qd2 Kh8 37. Qh6 Qf7 38. Qg6 Qg8 39. g5 fxg5 40. e5 Rb1+ 41. Kf2 dxe5 42. Qh6 Rb4 43. Rxg5 Qf7 44. Qc6 Qf8 45. Qxc5 Rxa4 46. Qc7 h6 47. Qxe5+ Kh7 48. Rg6 Rb4 49. Re6 Rb7 50. f6 exf6 51. Qf5+ Kg7 52. d6 Rd7 53. Qg4+ Kh7 54. Qf5+ Kg7 55. Qxa5 Rxd6 56. Qc7+ Kg6 57. Qxd6 Qf7 58. Qd3+ Kg7 59. Qe3 Kg6 60. Re4 Qa2+ 1-0

[Event "Dortmund op"]
[Site "Dortmund"]
[Date "2006.03.14"]
[Round "5.6"]
[White "Hardt, Helmut"]
[Black "Zelt, Jens"]
[Result "0-1"]
[WhiteElo "1861"]
[BlackElo "2036"]
[PlyCount "110"]
[EventDate "2006.03.06"]
[EventType "swiss"]
[EventRounds "9"]
[EventCountry "GER"]
[SourceTitle "CBM 111 Extra"]
[Source "ChessBase"]
[SourceDate "2006.05.09"]
[SourceVersion "1"]
[SourceVersionDate "2006.05.09"]
[SourceQuality "1"]

1. e4 c6 2. Nf3 d5 3. exd5 cxd5 4. Bb5+ Bd7 5. Qe2 Nc6 6. c3 Nf6 7. 0-0 e6 8. d4 Be7 9. Bg5 h6 10. Bh4 Ne4 11. Bxe7 Qxe7 12. Nbd2 Nd6 13. Bd3 a5 14. Rfe1 0-0 15. Nf1 b5 16. Ne3 Rfe8 17. Ng4 b4 18. Nfe5 bxc3 19. bxc3 Nxe5 20. Nxe5 Rec8 21. Rac1 Rab8 22. Qh5 Bb5 23. Bb1 Nc4 24. Ng4 Qg5 25. Qh3 Na3 26. Rcd1 Be2 27. Bh7+ Kxh7 28. Rxe2 Qf5 29. f4 Nb5 30. Re5 Qc2 31. Ne3 Qxc3 32. Qh5 Rc7 33. f5 Nxd4 34. fxe6 fxe6 35. Rf1 Nf5 36. Rfxf5 exf5 37. Qxf5+ Kh8 38. Nxd5 Qd4+ 39. Ne3 Rc1+ 40. Kf2 a4 41. Kg3 Rc3 42. Kf2 Qd2+ 43. Kf3 Qxa2 44. Re7 Rg8 45. Qe5 Qb3 46. Kg4 Qb4+ 47. Kh3 a3 48. Re6 Kh7 49. Qf5+ g6 50. Qf6 Rg7 51. g3 Qc5 52. Qf4 a2 53. Ng4 Qh5+ 54. Kg2 Rc2+ 55. Re2 Rxe2+ 0-1

[Event "Dortmund op-B"]
[Site "Dortmund"]
[Date "2005.07.09"]
[Round "2"]
[White "Hardt, Helmut"]
[Black "Boldt, Manfred"]
[Result "1-0"]
[WhiteElo "1855"]
[BlackElo "1644"]
[PlyCount "112"]
[EventDate "2005.07.08"]
[EventType "swiss"]
[EventRounds "9"]
[EventCountry "GER"]
[SourceTitle "CBM 107 Extra"]
[Source "ChessBase"]
[SourceDate "2005.09.01"]
[SourceVersion "1"]
[SourceVersionDate "2005.09.01"]
[SourceQuality "1"]

1. e4 d5 2. exd5 Qxd5 3. Nc3 Qa5 4. Bc4 c6 5. Nge2 Nf6 6. 0-0 Bg4 7. d4 e6 8. f3 Bf5 9. Ng3 Bd6 10. Nge4 Be7 11. Bf4 Qd8 12. Re1 0-0 13. Ng3 Bg6 14. Kh1 Nbd7 15. Nce4 Nb6 16. Bb3 Nbd5 17. Bd2 Nh5 18. Nxh5 Bxh5 19. c4 Nf6 20. Nxf6+ Bxf6 21. Be3 Qc7 22. Qe2 Rad8 23. Rad1 Rd7 24. Rd2 Rfd8 25. Red1 h6 26. Bc2 Qa5 27. g4 Bg6 28. Bxg6 fxg6 29. Bf2 e5 30. Qe4 g5 31. d5 Qxa2 32. d6 Qa4 33. Qe2 b6 34. Qe4 c5 35. Bg3 Qb3 36. Kg2 Qa4 37. Qd5+ Kh8 38. Qe6 Qb4 39. Rc2 Qb3 40. Rcd2 Qb4 41. Bf2 Qa4 42. Be3 Qb3 43. Kf2 Qa4 44. h4 gxh4 45. Bxh6 Qc6 46. Be3 Rf8 47. Rd5 g5 48. Bd2 Rff7 49. Bc3 Qa4 50. Bxe5 Bxe5 51. Qxe5+ Rg7 52. Qe8+ Kh7 53. Qh5+ Kg8 54. Re1 Rdf7 55. d7 Qc2+ 56. Kg1 h3 1-0

[Event "Essen op04"]
[Site "Essen"]
[Date "2005.04.13"]
[Round "6"]
[White "Achenbach, Manfred"]
[Black "Hardt, Helmut"]
[Result "1-0"]
[WhiteElo "2044"]
[BlackElo "1855"]
[PlyCount "57"]
[EventDate "2005.04.04"]
[EventType "swiss"]
[EventRounds "9"]
[EventCountry "GER"]
[SourceTitle "EXT 2007"]
[Source "ChessBase"]
[SourceDate "2006.11.23"]
[SourceVersion "1"]
[SourceVersionDate "2006.11.23"]
[SourceQuality "1"]

1. e4 d6 2. d4 Nf6 3. Nc3 Nbd7 4. Nf3 e5 5. Bc4 Nb6 6. Bb3 exd4 7. Qxd4 c5 8. Qd3 Be7 9. a4 0-0 10. a5 Nbd7 11. Bf4 c4 12. Bxc4 Nc5 13. Qe2 Bg4 14. h3 Ne6 15. Bxe6 Bxe6 16. 0-0 Rc8 17. Rfd1 Rc5 18. e5 Nh5 19. Bh2 g5 20. exd6 Bf6 21. Ne4 Rf5 22. Nxf6+ Nxf6 23. Nd4 Rxa5 24. Nxe6 fxe6 25. Rxa5 Qxa5 26. Qxe6+ Rf7 27. Be5 Ne4 28. d7 Nd2 29. Bc3 1-0

[Event "Essen op04"]
[Site "Essen"]
[Date "2005.04.11"]
[Round "4"]
[White "Bryjak, Hans Guenther"]
[Black "Hardt, Helmut"]
[Result "1-0"]
[WhiteElo "2077"]
[BlackElo "1855"]
[PlyCount "135"]
[EventDate "2005.04.04"]
[EventType "swiss"]
[EventRounds "9"]
[EventCountry "GER"]
[SourceTitle "EXT 2007"]
[Source "ChessBase"]
[SourceDate "2006.11.23"]
[SourceVersion "1"]
[SourceVersionDate "2006.11.23"]
[SourceQuality "1"]

1. e4 d6 2. g3 Nf6 3. Bg2 c5 4. Ne2 Nc6 5. c3 g6 6. d4 cxd4 7. cxd4 Bg7 8. 0-0 0-0 9. h3 Qb6 10. Nbc3 e5 11. d5 Nd4 12. Nxd4 exd4 13. Na4 Qa5 14. b3 b5 15. Bd2 Qa6 16. Nb2 Nd7 17. Nd3 Qb6 18. Rc1 Bb7 19. g4 a5 20. f4 Rac8 21. Qf3 f5 22. exf5 gxf5 23. g5 b4 24. Rxc8 Bxc8 25. Rc1 Bb7 26. Kh2 Qd8 27. Re1 Re8 28. Qh5 Rxe1 29. Nxe1 Nf8 30. Qe2 Qa8 31. Qc4 Qc8 32. Bf1 Ng6 33. Nf3 Ne7 34. Nh4 Qxc4 35. bxc4 Kf7 36. Bd3 Bc8 37. Kg3 Ke8 38. Kf2 Kd8 39. Ke1 Kc7 40. a3 bxa3 41. Bxa5+ Kb7 42. Bb1 h6 43. Bb4 a2 44. Bxa2 Kc7 45. Kd2 hxg5 46. fxg5 f4 47. c5 dxc5 48. Bxc5 Kd8 49. Nf3 Bxh3 50. Nxd4 Bxd4 51. Bxd4 Kd7 52. Bc5 Bf5 53. Bc4 Ng6 54. Bb5+ Kc8 55. Bd3 Nh4 56. Bxf5+ Nxf5 57. Kd3 Nh4 58. Ke4 f3 59. Bf2 Ng6 60. Kf5 Ne7+ 61. Ke6 Ng6 62. d6 Nf8+ 63. Ke7 Ng6+ 64. Ke8 Ne5 65. g6 Nd7 66. Ke7 Ne5 67. g7 Ng6+ 68. Ke8 1-0

[Event "Essen op04"]
[Site "Essen"]
[Date "2005.04.05"]
[Round "2"]
[White "Kotzem, Ernst"]
[Black "Hardt, Helmut"]
[Result "1-0"]
[WhiteElo "1940"]
[BlackElo "1855"]
[PlyCount "73"]
[EventDate "2005.04.04"]
[EventType "swiss"]
[EventRounds "9"]
[EventCountry "GER"]
[SourceTitle "EXT 2007"]
[Source "ChessBase"]
[SourceDate "2006.11.23"]
[SourceVersion "1"]
[SourceVersionDate "2006.11.23"]
[SourceQuality "1"]

1. e4 c6 2. d4 d6 3. f4 Nf6 4. Bd3 Bg4 5. Nf3 d5 6. e5 Ne4 7. Nbd2 Nxd2 8. Bxd2 e6 9. 0-0 c5 10. Bb5+ Nc6 11. c3 Qb6 12. a4 Be7 13. Kh1 0-0 14. dxc5 Bxc5 15. Bd3 g6 16. b4 Be7 17. a5 Qc7 18. h3 Bxf3 19. Rxf3 d4 20. b5 dxc3 21. Bxc3 Nb4 22. Be4 Rad8 23. Qe1 Nd5 24. Bd2 Qd7 25. Bd3 Rc8 26. g4 Kh8 27. f5 gxf5 28. gxf5 f6 29. Qe4 exf5 30. Rxf5 Nc3 31. Bxc3 Rxc3 32. Rd1 Bd8 33. e6 Qe7 34. Rd5 Rc7 35. Bb1 Qa3 36. Qf5 Qe7 37. Rd7 1-0

[Event "Dortmund-ch"]
[Site "Dortmund"]
[Date "2005.03.14"]
[Round "7"]
[White "Buechle, Manfred"]
[Black "Hardt, Helmut"]
[Result "1-0"]
[WhiteElo "1874"]
[BlackElo "1823"]
[PlyCount "95"]
[EventDate "2005.02.28"]
[EventType "swiss"]
[EventRounds "9"]
[EventCountry "GER"]
[SourceTitle "CBM 105 Extra"]
[Source "ChessBase"]
[SourceDate "2005.05.01"]
[SourceVersion "1"]
[SourceVersionDate "2005.05.01"]
[SourceQuality "1"]

1. e4 d6 2. d4 c6 3. Nf3 Nf6 4. Nc3 Bg4 5. Be2 Nbd7 6. Bf4 Qa5 7. Qd2 Nh5 8. Be3 Nhf6 9. b4 Qc7 10. h3 Bh5 11. Rb1 e5 12. a4 Be7 13. a5 a6 14. Bd3 Bxf3 15. gxf3 exd4 16. Bxd4 Ne5 17. Be2 d5 18. Bb6 Qc8 19. f4 Ng6 20. e5 Nd7 21. Na4 Nh4 22. Rb3 Rb8 23. Rg1 Nf5 24. Bg4 Nxb6 25. Nxb6 Qe6 26. Bxf5 Qxf5 27. Rxg7 Rd8 28. Kf1 Kf8 29. Rbg3 Qe4 30. f5 Qh1+ 31. Rg1 Qxh3+ 32. R1g2 Qh4 33. e6 Bxb4 34. Rxf7+ Ke8 35. Qg5 Qxg5 36. Rxg5 Rf8 37. Rxb7 Rd6 38. Nc8 Rd8 39. Rxb4 Rxc8 40. Rb7 h6 41. Rh5 Rf6 42. Ke2 c5 43. Ke3 c4 44. Kf4 Rc5 45. Ke5 Rf8 46. Rb8+ Ke7 47. f6+ Rxf6 48. Rb7+ 1-0

[Event "Dortmund op-B"]
[Site "Dortmund"]
[Date "2004.07.29"]
[Round "7"]
[White "Liu, Xiao You"]
[Black "Hardt, Helmut"]
[Result "0-1"]
[WhiteElo "1854"]
[BlackElo "1819"]
[PlyCount "74"]
[EventDate "2004.07.??"]
[EventType "swiss"]
[EventRounds "9"]
[EventCountry "GER"]
[SourceTitle "EXT 2006"]
[Source "ChessBase"]
[SourceDate "2005.11.24"]
[SourceVersion "1"]
[SourceVersionDate "2005.11.24"]
[SourceQuality "1"]

1. b3 d5 2. Bb2 Nf6 3. e3 Nbd7 4. d3 e5 5. Nd2 Bd6 6. Be2 0-0 7. g4 c5 8. Nh3 b5 9. 0-0 Ne8 10. Bf3 Ndf6 11. Kh1 h5 12. Ng1 hxg4 13. Bg2 Be6 14. Ne2 g6 15. Ng3 Kg7 16. f4 gxf3 17. Nxf3 Bg4 18. Qd2 Qe7 19. a4 b4 20. Kg1 Rd8 21. Ng5 c4 22. bxc4 dxc4 23. dxc4 Bc5 24. Qe1 Nd6 25. h3 Nxc4 26. Bc1 Rd1 27. hxg4 Rxe1 28. Rxe1 Nxg4 29. N5e4 Qh4 30. Nxc5 Qxg3 31. Re2 Rd8 32. Nd3 Ngxe3 33. Bxe3 Nxe3 34. Rae1 Nc4 35. Nxe5 Nxe5 36. Rxe5 Rd1 37. Kf1 Qf4+ 0-1

[Event "Dortmund op-B"]
[Site "Dortmund"]
[Date "2004.07.26"]
[Round "4"]
[White "Hardt, Helmut"]
[Black "Wiesemann, Peter"]
[Result "1/2-1/2"]
[WhiteElo "1819"]
[BlackElo "1742"]
[PlyCount "80"]
[EventDate "2004.07.??"]
[EventType "swiss"]
[EventRounds "9"]
[EventCountry "GER"]
[SourceTitle "EXT 2006"]
[Source "ChessBase"]
[SourceDate "2005.11.24"]
[SourceVersion "1"]
[SourceVersionDate "2005.11.24"]
[SourceQuality "1"]

1. e4 g6 2. d4 Bg7 3. Be3 d6 4. Bc4 e5 5. c3 Ne7 6. Ne2 0-0 7. Ng3 Kh8 8. dxe5 Bxe5 9. Bh6 Bg7 10. Bxg7+ Kxg7 11. h4 Nbc6 12. h5 Be6 13. Bxe6 fxe6 14. hxg6 hxg6 15. Qg4 Rh8 16. Nh5+ Kf8 17. Qf4+ Kg8 18. Qg5 Qf8 19. Nd2 Qf7 20. 0-0-0 Kf8 21. Nf6 Kg7 22. Nh5+ Kf8 23. Nf4 Kg7 24. Nf3 Rxh1 25. Rxh1 Rh8 26. Rxh8 Kxh8 27. Qh6+ Kg8 28. Qg5 e5 29. Nh5 Kf8 30. Qh6+ Ke8 31. Qh8+ Ng8 32. Ng5 Qf8 33. Ng7+ Kd7 34. N7e6 Qxf2 35. b3 Qe1+ 36. Kb2 Qd2+ 37. Kb1 Qxc3 38. Qxg8 Qe1+ 39. Kb2 Qe2+ 40. Kb1 Qd1+ 1/2-1/2

[Event "Dortmund op-B"]
[Site "Dortmund"]
[Date "2004.07.23"]
[Round "1"]
[White "Musiol, Lukas"]
[Black "Hardt, Helmut"]
[Result "0-1"]
[WhiteElo "1551"]
[BlackElo "1819"]
[PlyCount "68"]
[EventDate "2004.07.??"]
[EventType "swiss"]
[EventRounds "9"]
[EventCountry "GER"]
[SourceTitle "EXT 2006"]
[Source "ChessBase"]
[SourceDate "2005.11.24"]
[SourceVersion "1"]
[SourceVersionDate "2005.11.24"]
[SourceQuality "1"]

1. e4 d6 2. d4 Nf6 3. Nc3 g6 4. Bc4 Bg7 5. Nf3 0-0 6. 0-0 c6 7. e5 Ne8 8. Bg5 d5 9. Bd3 Nc7 10. Ne2 Bg4 11. Ng3 Ne6 12. Be3 c5 13. c3 Nc6 14. Be2 Rc8 15. h3 Bxf3 16. Bxf3 cxd4 17. cxd4 Nb4 18. Qb3 Rc4 19. Rfd1 Nc2 20. Rac1 Ncxd4 21. Bxd4 Nxd4 22. Qe3 Nxf3+ 23. gxf3 Rxc1 24. Rxc1 Qd7 25. Qxa7 Bxe5 26. Kg2 h5 27. Qb6 h4 28. Ne2 d4 29. f4 Qd5+ 30. Kg1 Bf6 31. a3 Qe4 32. Qb5 Qf3 33. Rd1 Qxh3 34. Qxb7 d3 0-1

[Event "Dortmund-ch"]
[Site "Dortmund"]
[Date "2004.03.19"]
[Round "9"]
[White "Mrozinski, Werner"]
[Black "Hardt, Helmut"]
[Result "1-0"]
[WhiteElo "1965"]
[BlackElo "1766"]
[PlyCount "65"]
[EventDate "2004.03.01"]
[EventType "swiss"]
[EventRounds "9"]
[EventCountry "GER"]
[SourceTitle "EXT 2006"]
[Source "ChessBase"]
[SourceDate "2005.11.24"]
[SourceVersion "1"]
[SourceVersionDate "2005.11.24"]
[SourceQuality "1"]

1. Nf3 Nf6 2. b4 g6 3. Bb2 Bg7 4. c4 0-0 5. e3 d6 6. d4 Bg4 7. Be2 d5 8. h3 Bf5 9. Nbd2 c6 10. 0-0 Re8 11. Qb3 Ne4 12. Rfd1 h6 13. Rac1 g5 14. Ne5 Nd7 15. cxd5 Nxe5 16. dxe5 cxd5 17. Nxe4 Bxe4 18. f3 Bf5 19. e4 Bg6 20. exd5 a5 21. bxa5 Rxa5 22. a4 Qb8 23. Bb5 Rd8 24. Qb4 Ra8 25. Qxe7 Qa7+ 26. Bd4 Qa5 27. d6 Bf5 28. Qxb7 Qb4 29. Qd5 Be6 30. Qc5 Qb3 31. Qc3 Qa2 32. Qb2 Qd5 33. Bc6 1-0

[Event "Dortmund-ch"]
[Site "Dortmund"]
[Date "2004.03.09"]
[Round "5"]
[White "Hardt, Helmut"]
[Black "Zimmermann, Dirk"]
[Result "0-1"]
[WhiteElo "1766"]
[BlackElo "2025"]
[PlyCount "38"]
[EventDate "2004.03.01"]
[EventType "swiss"]
[EventRounds "9"]
[EventCountry "GER"]
[SourceTitle "EXT 2006"]
[Source "ChessBase"]
[SourceDate "2005.11.24"]
[SourceVersion "1"]
[SourceVersionDate "2005.11.24"]
[SourceQuality "1"]

1. e4 e5 2. Nf3 Nc6 3. Bb5 f5 4. d4 fxe4 5. Bxc6 dxc6 6. Nxe5 Nf6 7. Bg5 c5 8. Bxf6 Qxf6 9. 0-0 Bf5 10. c3 0-0-0 11. Qa4 Kb8 12. Nd2 cxd4 13. cxd4 c5 14. Ndc4 cxd4 15. Rfd1 d3 16. Rac1 Bc5 17. Rd2 Rd5 18. g4 Bc8 19. b4 Bd4 0-1